Statistiques concernant Musique par lettre - O

Cliquez ici pour prendre le quiz!

Statistiques générales

  • Ce quiz a été pris 1 473 fois
  • Le résultat moyen est 9 sur 14

Statistiques - réponses

QuestionsRéponses% Correct
Rappeur français, membre du duo les Casseurs Flowters, auteur-interprète des chansons "Basique", "La Terre est ronde", "Défaite de famille"...Orelsan
91%
Instrument à vent, composé de tuyaux de différentes grandeurs, souvent présent dans les églisesOrgue
91%
Boys Band anglo-irlandais, des années 2010, composé de : Louis Tomlinson, Liam Payne, Niall Horan, Harry Styles et anciennement Zayn MalikOne direction
82%
Chanteur français, connu pour ses chansons tels que "Lucie" et "Fan" mais aussi pour avoir composé "Allumer le feu" ou encore la comédie musicale "Les 10 commandements"Pascal Obispo
81%
Groupe moldave, connu mondialement pour leur titre "Dragostea din tei" chanté en roumainO-Zone
78%
Titre d'une chanson du rappeur Lil Nas X, dont la deuxième version en duo avec Billy Ray Cyrus a connu un succès planétaireOld Town Road
69%
Groupe de rock alternatif britannique, qui s'est séparés en 2009 dans les coulisses du festival Rock en Seine après une énième dispute entre les frères GallagherOasis
68%
Titre d'une chanson interprétée par Stéphanie de Monaco, sortie en 1986, qui a connu un grand succès en FranceOuragan
67%
Chanteur jamaïcain, qui s'est fait connaître en 2014 avec le titre "Cheerleader"OMI
62%
Groupe de hip-hop américain, connu pour leur titre "Hey Ya!"OutKast
57%
Duo de DJ français, auteur des chansons "Be Mine", "Rock It", "Katchi"...Ofenbach
53%
Groupe de punk-rock américain, qui a eu un grand succès dans les années 90, interprète de "The Kids Aren't Alright", "Why Don't You Get A Job?" ...The Offspring
35%
Titre de de la chanson la plus connue du groupe de bachata Aventura, sortie en 2002, et reprise en 2013 par Lucenzo et Kenza FarahObsesión
34%
Titre d'une chanson des Beatles, qui signifie "Life goes on" en yoruba c'est à dire "la vie continue"Ob-la-di Ob-la-da
18%

Distribution des résultats

Percentile par nombre de réponses

% des personnes avec chaque résultat

Votre développement - résultats

Vous n’avez pas pris ce quiz